000 00319nam a2200157Ia 4500
100 _aLowery/Joseph W
650 _aHTML
942 _cBK
366 _f20
245 _aHTML 5-24 hour trainer
260 _bWiley India
_c2011
082 _a4.65
_bLOW
300 _a627
546 _aENGLISH
_cComputers
999 _c23544
_d23544